| 000 | 00588nam a2200205 a 4500 | ||
|---|---|---|---|
| 001 | 23647 | ||
| 003 | CO-ViMGA | ||
| 008 | 141112s2004 ck r 000 u spa d | ||
| 020 | _a9789583019566 | ||
| 040 |
_aCO-ViMGA _bspa _cCO-ViMGA |
||
| 082 | 0 | 4 | _aNITm |
| 100 | 1 |
_aNitsch, Veronique _934168 |
|
| 245 | 1 | 0 |
_aíMi vecina es una bruja! / _cVeronique Nitsch |
| 260 |
_aColombia : _bpanAméricana |
||
| 300 | _a96p. | ||
| 650 | 1 | 4 |
_a2 : BRUJAS - CUENTOS INFANTILES _934169 |
| 650 | 1 | 4 |
_aCUENTOS INFANTILES FRANCESES _97840 |
| 650 | 1 | 4 |
_aMAGIA - CUENTOS INFANTILES _925072 |
| 942 |
_2ddc _cBK |
||
| 999 |
_c31758 _d31758 |
||